Statystyki dla Wyznanie Wiary (Kredo Rzymskokatolickie) Wierzę w Jednego Boga

Kliknij tutaj aby rozwiązać quiz!

Ogólne statystyki

  • Ten quiz został rozwiązany 45 razy
  • Średni wynik to 17 z 23

Statystyki odpowiedzi

Słowa KredaOdpowiedź% Poprawnych
I w jednego Pana ______ ________.Jezusa Chrystusa
97%
Bóg z Boga, światłość ze __________.światłości
94%
______ _ _______ Boga, Ojca wszechmogącego,
Wierzę w jednego
94%
Syna Bożego ______________, który z Ojca jest zrodzony przed wszystkimi wiekamiJednorodzonego
91%
Stworzyciela nieba i ziemi, wszystkich rzeczy ___________ _ ____________.widzialnych i niewidzialnych
91%
___ _________ z Boga prawdziwego.Bóg prawdziwy
85%
I powtórnie przyjdzie w chwale ______ żywych i umarłych:sądzić
76%
I ____________ dnia trzeciego, jak oznajmia Pismo.zmartwychwstał
76%
_____.Amen
71%
I za sprawą Ducha Świętego przyjął ciało z _____ ________, i stał się człowiekiem.Maryi Dziewicy
71%
Ukrzyżowany również za nas, pod _________ _______ został umęczony i pogrzebany.Poncjuszem Piłatem
71%
który mówił przez ________.proroków
71%
I oczekuję _________ umarłych.wskrzeszenia
71%
Wierzę w jeden, święty, powszechny i __________ ______.apostolski Kościół
68%
Wyznaję jeden _____ na odpuszczenie grzechów.chrzest
68%
_________ _ ___ _________, współistotny Ojcu, a przez Niego wszystko się stało.Zrodzony a nie stworzony
68%
On to dla nas, ludzi, i dla naszego zbawienia _______ _ _____.zstąpił z nieba
68%
I ____ ________ w przyszłym świecie.Życia Wiecznego
65%
Pana i _________, który od Ojca i Syna pochodzi.Ożywiciela
62%
I wstąpił do nieba; ______ __ _______ Ojca.siedzi po prawicy
62%
Wierzę w _____ ________,Ducha Świętego
59%
a _________ Jego nie będzie końca.królestwu
56%
Który z _____ _ _____ wspólnie odbiera uwielbienie i chwałę;Ojcem i Synem
53%

Rozkład punktacji

Percentyl według liczby udzielonych odpowiedzi

Procent ludzi z każdym wynikiem

Twoja historia wyników

Nie rozwiązałeś tego quizu